El Museo Universal (Record no. 5092)

MARC details
000 -LEADER
campo de control de longitud fija 00986npm a2200265 4500
001 - NÚMERO DE CONTROL
campo de control 5092
003 - IDENTIFICADOR DE NÚMERO DE CONTROL
campo de control ES-MaACL
005 - FECHA Y HORA DE LA ÚLTIMA TRANSACCIÓN
campo de control 20240617154013.0
007 - CAMPO FIJO DE DESCRIPCIÓN FÍSICA--INFORMACIÓN GENERAL
campo de control de longitud fija hzrazu bucu
008 - DATOS DE LONGITUD FIJA--INFORMACIÓN GENERAL
campo de control de longitud fija 890816r19891857sp a a 00010 spa d
022 ## - NÚMERO INTERNACIONAL NORMALIZADO PARA PUBLICACIONES SERIADAS
Número Internacional Normalizado para Publicaciones Seriadas 1889-8440
080 ## - NÚMERO DE LA CLASIFICACIÓN DECIMAL UNIVERSAL
Número de la Clasificación Decimal Universal 05(464.1 Madrid) Museo Universal
080 ## - NÚMERO DE LA CLASIFICACIÓN DECIMAL UNIVERSAL
Número de la Clasificación Decimal Universal 05(46)
245 03 - MENCIÓN DEL TÍTULO
Título El Museo Universal
Resto del título : [Microforma].
260 ## - PUBLICACIÓN, DISTRIBUCIÓN, ETC.
Lugar de publicación, distribución, etc. Madrid :
Nombre del editor, distribuidor, etc. Ateneo Cientifico, Literario y Artistico,
Fecha de publicación, distribución, etc. 1989.
300 ## - DESCRIPCIÓN FÍSICA
Extensión 4 carretes de microfilme :
Otras características físicas negativo, il. ;
Dimensiones 35 mm.
500 ## - NOTA GENERAL
Nota general Publicado originalmente: Madrid, Gaspar y Roig, 1857-1869.
500 ## - NOTA GENERAL
Nota general Continuada por: La Ilustracion Española y Americana.
505 8# - NOTA DE CONTENIDO CON FORMATO
Nota de contenido con formato Carrete n. 1: 1857-1861 -- Carrete n. 2: 1862-1864 -- Carrete n. 3: 1865-1867 -- Carrete n. 4: 1868-1869
740 3# - ENTRADA AGREGADA--TÍTULO RELACIONADO/ANALÍTICO NO CONTROLADO
Título relacionado o analítico no controlado La Ilustracion Española y Americana.
852 ## - LOCALIZACIÓN
Ubicación ES-MaACL
Número de control de estantería M-107-110
itemnumber 5209
Ubicación en estantería Depósito 1
942 ## - ELEMENTOS DE ENTRADA SECUNDARIOS (KOHA)
Fuente del sistema de clasificación o colocación Clasificación decimal universal
Tipo de ítem Koha Libro impreso
Holdings
Estatus retirado Estado de pérdida Fuente del sistema de clasificación o colocación Estado de daño No para préstamo Colección Biblioteca de origen Biblioteca actual Ubicación en estantería Fecha de adquisición Total de préstamos Signatura topográfica completa Código de barras Visto por última vez Precio de reemplazo Tipo de ítem Koha
    Clasificación decimal universal     Periódicos y Revistas Biblioteca del Ateneo de Madrid Biblioteca del Ateneo de Madrid Depósito 1 17/01/2008   M-107-110 1005155 23/02/2023 23/02/2023 Microforma